[Event "Hastings Chess Congress"]
[Site "Hastings ENG"]
[Date "2006.01.02"]
[EventDate "2005.12.28"]
[Round "6"]
[Result "0-1"]
[White "Dag Madsen"]
[Black "Richard G Pert"]
[WhiteElo "2301"]
[BlackElo "2429"]
[PlyCount "60"]

1. Nf3 e6 2. d4 f5 3. g3 Nf6 4. Bg2 Be7 5. O-O O-O 6. c4 d6
7. Nc3 Ne4 8. Qc2 Nxc3 9. Qxc3 a5 10. a3 a4 11. Qc2 Bf6 12. e4
Nc6 13. d5 Nd4 14. Nxd4 Bxd4 15. dxe6 Bxe6 16. exf5 Bxf5
17. Qd1 c5 18. Be3 Bxb2 19. Ra2 Qb6 20. Qd5+ Kh8 21. Qxb7 Rab8
22. Qxb6 Rxb6 23. Bc6 Bd3 24. Bb5 Bxf1 25. Kxf1 Bd4 26. Bxd4
cxd4 27. Bxa4 Rc8 28. Rc2 d3 29. Rc3 Rb1+ 30. Kg2 d2 0-1

[Event "Hastings Chess Congress"]
[Site "Hastings ENG"]
[Date "2006.01.02"]
[EventDate "2005.12.28"]
[Round "6"]
[Result "1/2-1/2"]
[White "Jovanka Houska"]
[Black "Jean-Pierre Le Roux"]
[WhiteElo "2351"]
[BlackElo "2497"]
[PlyCount "139"]

1. e4 e5 2. Nf3 Nc6 3. Bc4 Nf6 4. d3 Be7 5. c3 O-O 6. Bb3 d6
7. Nbd2 h6 8. O-O Nh7 9. h3 Kh8 10. Re1 Ng5 11. Nxg5 Bxg5
12. Nf1 f5 13. exf5 Bxf5 14. Ng3 Bh7 15. Bd5 Rb8 16. Be4 Bg8
17. Qg4 Bxc1 18. Raxc1 Rf4 19. Qe2 d5 20. Bf3 Qh4 21. b4 b5
22. Qe3 Rbf8 23. Qc5 e4 24. dxe4 Ne5 25. Be2 Rxf2 26. Rf1 R2f6
27. Qe3 dxe4 28. Nxe4 Rxf1+ 29. Rxf1 Re8 30. Nc5 Bd5 31. Qd4
Qxd4+ 32. cxd4 Nc4 33. Bh5 Rd8 34. Bf7 Bxg2 35. Bxc4 Bxf1
36. Bxf1 Rxd4 37. Bxb5 Rxb4 38. a4 c6 39. Bd3 Kg8 40. a5 Kf7
41. Kf2 Ke7 42. Ke3 Kd6 43. Ne4+ Kd5 44. Nc3+ Ke5 45. Ne4 Ra4
46. a6 Ra3 47. h4 Kd5 48. h5 Ra1 49. Ng3 c5 50. Nf5 c4 51. Bc2
Rg1 52. Ne7+ Kc5 53. Kd2 Rg2+ 54. Kc3 Rg3+ 55. Kb2 Kb5 56. Bg6
Kxa6 57. Nf5 Rh3 58. Nd6 Kb6 59. Nxc4+ Kc5 60. Ne5 a5 61. Nd3+
Kd4 62. Nf4 Re3 63. Bc2 Kc4 64. Ne6 Rg3 65. Bg6 a4 66. Nxg7
Kb4 67. Nf5 Rg2+ 68. Kb1 Rg1+ 69. Ka2 a3 70. Bf7 1/2-1/2

[Event "Hastings Chess Congress"]
[Site "Hastings ENG"]
[Date "2006.01.02"]
[EventDate "2005.12.28"]
[Round "6"]
[Result "0-1"]
[White "Jon Viktor Gunnarsson"]
[Black "Sergey Erenburg"]
[WhiteElo "2411"]
[BlackElo "2582"]
[PlyCount "130"]

1. e4 c5 2. Nf3 e6 3. d4 cxd4 4. Nxd4 a6 5. Nc3 Nc6 6. Nxc6
bxc6 7. Bd3 d5 8. O-O Nf6 9. Qe2 Be7 10. Bd2 O-O 11. Rae1 Bb7
12. f4 Nd7 13. Na4 a5 14. Rf3 g6 15. Kh1 Re8 16. b3 Bf8
17. Bc3 Bb4 18. Qd2 Qe7 19. exd5 Bxc3 20. Qxc3 cxd5 21. Rg3
Rec8 22. Qd2 Qd6 23. f5 e5 24. fxg6 fxg6 25. Bf5 Rc7 26. c4 d4
27. Qd3 Nf8 28. Be4 Re8 29. h4 Qf6 30. h5 Qh4+ 31. Kg1 Qxh5
32. Bxb7 Rxb7 33. Nc5 Rf7 34. Ne4 Rf4 35. c5 Ne6 36. c6 Kh8
37. Rh3 Qf5 38. Nd6 Qxd3 39. Rxd3 Rd8 40. Nb7 Rd5 41. Rf3 g5
42. Kf2 e4 43. Rxf4 e3+ 44. Ke2 gxf4 45. Kd3 Kg8 46. Rh1 Rg5
47. Rh6 Re5 48. Rh1 Rg5 49. Rh6 Nc7 50. Rh2 Kf8 51. Rh4 Nd5
52. c7 Nxc7 53. Rxf4+ Ke7 54. Rxd4 Re5 55. Ke2 Nd5 56. Ke1 Nc3
57. Rc4 Nxa2 58. Rc5 Rxc5 59. Nxc5 Nc1 60. Kd1 e2+ 61. Kd2 Kf6
62. Ne4+ Ke5 63. Ng5 Nxb3+ 64. Kxe2 a4 65. Kd3 a3 0-1

[Event "Hastings Chess Congress"]
[Site "Hastings ENG"]
[Date "2006.01.02"]
[EventDate "2005.12.28"]
[Round "6"]
[Result "1-0"]
[White "Stefan Kristjansson"]
[Black "Robert Eames"]
[WhiteElo "2467"]
[BlackElo "2320"]
[PlyCount "73"]

1. e4 c5 2. c3 Nf6 3. e5 Nd5 4. Nf3 Nc6 5. Bc4 Nb6 6. Bb3 c4
7. Bc2 Qc7 8. Qe2 g5 9. e6 dxe6 10. Nxg5 Qe5 11. d4 cxd3
12. Bxd3 Bh6 13. h4 Qxe2+ 14. Kxe2 Bd7 15. Na3 Ne5 16. Be4 Nd5
17. c4 Nb4 18. Bd2 a5 19. Bc3 f6 20. Bxe5 fxe5 21. Bxh7 O-O-O
22. Be4 Bxg5 23. hxg5 Rhg8 24. Rh5 Be8 25. Rh6 Bc6 26. Bg6
Rdf8 27. Kf1 e4 28. Nb5 Nd3 29. Na7+ Kc7 30. Nxc6 Nxf2
31. Nxe7 Ng4+ 32. Kg1 Nxh6 33. gxh6 Rh8 34. h7 Kd6 35. Ng8 Rf4
36. Nh6 Ke5 37. Rf1 1-0

[Event "Hastings Chess Congress"]
[Site "Hastings ENG"]
[Date "2006.01.02"]
[EventDate "2005.12.28"]
[Round "6"]
[Result "0-1"]
[White "Ian D Thompson"]
[Black "Colin A McNab"]
[WhiteElo "2295"]
[BlackElo "2456"]
[PlyCount "94"]

1. Nf3 d6 2. g3 g6 3. Bg2 Bg7 4. c4 c6 5. Nc3 Nf6 6. O-O O-O
7. Rb1 d5 8. cxd5 cxd5 9. d3 d4 10. Nb5 Nc6 11. Bd2 a6 12. Na3
Be6 13. Nc4 b5 14. Nce5 Nxe5 15. Nxe5 Bd5 16. Nc6 Qd7 17. Bxd5
Nxd5 18. Rc1 Rfc8 19. Nb4 Rxc1 20. Qxc1 Rc8 21. Qd1 Nxb4
22. Bxb4 h5 23. Qd2 Bf6 24. Rc1 Rxc1+ 25. Qxc1 Qe6 26. a4 Qxe2
27. Qc8+ Kg7 28. Qxa6 Qd1+ 29. Kg2 bxa4 30. h4 g5 31. hxg5
Bxg5 32. Qb5 Bf6 33. Qf5 e6 34. Qf3 Qxf3+ 35. Kxf3 Kg6 36. Ke4
Bg7 37. Bd6 f5+ 38. Kf4 Bh8 39. Bc7 Bf6 40. Bd6 h4 41. gxh4
Bxh4 42. f3 Bf6 43. Be5 Bxe5+ 44. Kxe5 Kg5 45. Kxe6 Kf4
46. Kd5 Kxf3 47. Kxd4 f4 0-1

[Event "Hastings Chess Congress"]
[Site "Hastings ENG"]
[Date "2006.01.02"]
[EventDate "2005.12.28"]
[Round "6"]
[Result "1-0"]
[White "Andrew Greet"]
[Black "Dagur Arngrimsson"]
[WhiteElo "2428"]
[BlackElo "2289"]
[PlyCount "93"]

1. d4 d5 2. Nf3 Nf6 3. c4 c6 4. Nc3 dxc4 5. a4 Bf5 6. Nh4 Bc8
7. e3 e5 8. Bxc4 exd4 9. exd4 Be7 10. O-O O-O 11. Re1 Nd5
12. Nf3 Bg4 13. h3 Bf5 14. Bxd5 cxd5 15. Qb3 Nc6 16. Nxd5 Re8
17. Nxe7+ Rxe7 18. Bg5 Rxe1+ 19. Rxe1 Qd7 20. d5 Na5 21. Qa2
h6 22. Bd2 b6 23. Ne5 Qd6 24. Bxa5 bxa5 25. Nc6 Bd7 26. Qc4
Kh8 27. Nxa5 Rc8 28. Nc6 Bxc6 29. dxc6 Qxc6 30. Qxc6 Rxc6
31. Re7 f6 32. a5 Rc1+ 33. Kh2 Rc2 34. b4 Rb2 35. Rb7 a6
36. Kg3 Kh7 37. Kf3 Kg6 38. g3 f5 39. Ke3 Kf6 40. f4 Rb3+
41. Kd4 Rxg3 42. Rb6+ Ke7 43. Rxa6 Kd7 44. Kc5 g5 45. Rxh6
gxf4 46. Rf6 Rxh3 47. Rxf5 1-0

[Event "Hastings Chess Congress"]
[Site "Hastings ENG"]
[Date "2006.01.02"]
[EventDate "2005.12.28"]
[Round "6"]
[Result "1/2-1/2"]
[White "Timothy Spanton"]
[Black "Vladimir Prosviriakov"]
[WhiteElo "2018"]
[BlackElo "2387"]
[PlyCount "42"]

1. e4 e5 2. Nf3 Nc6 3. Bb5 Nd4 4. Nxd4 exd4 5. O-O Bc5 6. d3
c6 7. Bc4 d5 8. exd5 cxd5 9. Re1+ Be6 10. Bb5+ Kf8 11. Ba4 h5
12. Nd2 Bg4 13. f3 Be6 14. Nf1 Nh6 15. Bxh6 Rxh6 16. Qe2 Rg6
17. f4 Bg4 18. Qf2 Re6 19. h3 Rxe1 20. Rxe1 Bd7 21. Bxd7 Qxd7
1/2-1/2

[Event "Hastings Chess Congress"]
[Site "Hastings ENG"]
[Date "2006.01.02"]
[EventDate "2005.12.28"]
[Round "6"]
[Result "1-0"]
[White "Adam G Ashton"]
[Black "Francis Rayner"]
[WhiteElo "2331"]
[BlackElo "2212"]
[PlyCount "130"]

1. e4 c5 2. Nf3 d6 3. d4 cxd4 4. Nxd4 Nf6 5. Nc3 a6 6. Bg5 e6
7. f4 Be7 8. Qf3 Qc7 9. O-O-O Nbd7 10. g4 b5 11. Bxf6 Nxf6
12. g5 Nd7 13. f5 Bxg5+ 14. Kb1 Ne5 15. Qh5 Qd8 16. Nxe6 Bxe6
17. fxe6 g6 18. exf7+ Kxf7 19. Qe2 Kg7 20. Qf2 Rc8 21. Qa7+
Qc7 22. Qxc7+ Rxc7 23. Rxd6 Rc6 24. Rxc6 Nxc6 25. a4 b4
26. Nd5 a5 27. Bb5 Ne5 28. Nc7 Kf7 29. Rf1+ Ke7 30. Nd5+ Kd6
31. Ka2 Rc8 32. Kb3 Kc5 33. c3 bxc3 34. bxc3 h5 35. h3 Rd8
36. Nc7 Kd6 37. Nd5 Kc5 38. Rf2 Bh4 39. Rf1 Bg5 40. Kc2 Bh6
41. Be2 Rf8 42. Rxf8 Bxf8 43. Nc7 Kd6 44. Nb5+ Kc5 45. Nd4 Be7
46. Nb3+ Kb6 47. Kd2 Bg5+ 48. Ke1 Be3 49. Bb5 g5 50. Ke2 Bg1
51. Nd4 g4 52. hxg4 hxg4 53. Kf1 Be3 54. Kg2 Bd2 55. c4 Be1
56. Ne6 Bb4 57. Kg3 Be1+ 58. Kf4 g3 59. c5+ Ka7 60. Bf1 Nd3+
61. Kf3 Ne5+ 62. Kg2 Bf2 63. Bb5 Ng4 64. c6 Ne3+ 65. Kf3 Nd1
1-0

[Event "Hastings Chess Congress"]
[Site "Hastings ENG"]
[Date "2006.01.02"]
[EventDate "2005.12.28"]
[Round "6"]
[Result "1-0"]
[White "David Ledger"]
[Black "Tore Kolas"]
[WhiteElo "2278"]
[BlackElo "2160"]
[PlyCount "103"]

1. e4 c5 2. Nc3 Nc6 3. g3 g6 4. d3 Bg7 5. Be3 d6 6. Qd2 Rb8
7. Bg2 b5 8. Nge2 b4 9. Nd1 Nd4 10. O-O Nxe2+ 11. Qxe2 Nf6
12. h3 O-O 13. f4 Qc7 14. g4 Nd7 15. f5 Bb7 16. Qf2 a5 17. Qh4
Rbe8 18. Bh6 Bxh6 19. Qxh6 d5 20. exd5 Nf6 21. Ne3 Rd8
22. fxg6 fxg6 23. Qg5 Kh8 24. Rae1 Qg3 25. Qf4 Qxf4 26. Rxf4
Rfe8 27. Rc4 Rc8 28. g5 Nd7 29. Rf4 Kg7 30. h4 Nb6 31. Bh3
Rcd8 32. Be6 Rf8 33. Ref1 Rxf4 34. Rxf4 Rf8 35. Rxf8 Kxf8
36. Kf2 Na4 37. Nc4 Ba6 38. Nxa5 Nxb2 39. Nb3 c4 40. dxc4 Nxc4
41. Nc5 Bb5 42. Nd3 Na3 43. Nxb4 Bc4 44. Ke3 Bxa2 45. Nxa2
Nxc2+ 46. Ke4 Na3 47. Nc3 Nc4 48. Kd4 Nd2 49. Bg4 Nb3+ 50. Kc4
Nd2+ 51. Kd3 Nb3 52. Ne4 1-0

[Event "Hastings Chess Congress"]
[Site "Hastings ENG"]
[Date "2006.01.02"]
[EventDate "2005.12.28"]
[Round "6"]
[Result "1-0"]
[White "Snorri Bergsson"]
[Black "Daniel McGowan"]
[WhiteElo "2266"]
[BlackElo "2122"]
[PlyCount "103"]

1. e4 e6 2. d4 d5 3. Nc3 Bb4 4. e5 c5 5. a3 Bxc3+ 6. bxc3 Ne7
7. Qg4 Kf8 8. a4 b6 9. Kd1 Ba6 10. Bb5 Qc8 11. Nf3 Nd7 12. Qf4
h6 13. h4 Bxb5 14. axb5 a6 15. bxa6 Rxa6 16. Rxa6 Qxa6 17. h5
Qc4 18. Rh3 Qxc3 19. dxc5 bxc5 20. Qa4 Nb6 21. Qa7 Qb4 22. Qc7
Ke8 23. Ne1 Qg4+ 24. Rf3 Nec8 25. Nd3 Qxg2 26. Ke2 Qg4
27. Nxc5 Qxh5 28. Ba3 Qg6 29. Qc6+ Kf8 30. Nd7+ Kg8 31. Nf6+
gxf6 32. Rg3 Kh7 33. Rxg6 Kxg6 34. exf6 Nc4 35. Bc5 Rg8
36. Qc7 Kxf6 37. Qf4+ Kg6 38. Bd4 N8d6 39. Qf6+ Kh7 40. f3
Rg2+ 41. Kf1 Rg8 42. Ke1 Rg5 43. Qh8+ Kg6 44. Bf6 Rg1+ 45. Kf2
Rd1 46. Qg7+ Kf5 47. Bh4 Rd2+ 48. Kg3 Ne4+ 49. fxe4+ Kxe4
50. Qg4+ Ke3 51. Qf4+ Ke2 52. Qf3+ 1-0

[Event "Hastings Chess Congress"]
[Site "Hastings ENG"]
[Date "2006.01.02"]
[EventDate "2005.12.28"]
[Round "6"]
[Result "1/2-1/2"]
[White "Bernard Cafferty"]
[Black "Thomas T W Pym"]
[WhiteElo "2207"]
[BlackElo "2100"]
[PlyCount "51"]

1. b4 e5 2. Bb2 d6 3. c4 Be6 4. e3 Nd7 5. Nf3 f5 6. d4 e4
7. d5 exf3 8. dxe6 Ne5 9. gxf3 Qf6 10. Nc3 Qxe6 11. Nd5 O-O-O
12. f4 Ng6 13. Be2 c6 14. Nc3 Nf6 15. Qa4 Kb8 16. O-O-O d5
17. cxd5 Nxd5 18. Bc4 Be7 19. Nxd5 cxd5 20. Bb3 Bf6 21. Bd4
Rc8+ 22. Kb1 Bxd4 23. Rxd4 Rhd8 24. Rhd1 Ne7 25. b5 Rc5
26. Qb4 1/2-1/2

[Event "Hastings Chess Congress"]
[Site "Hastings ENG"]
[Date "2006.01.03"]
[EventDate "2005.12.28"]
[Round "7"]
[Result "1-0"]
[White "Sergey Erenburg"]
[Black "Bogdan Lalic"]
[WhiteElo "2582"]
[BlackElo "2490"]
[PlyCount "139"]

1. e4 c5 2. Nf3 Nc6 3. d4 cxd4 4. Nxd4 Nf6 5. Nc3 e5 6. Ndb5
d6 7. Bg5 a6 8. Na3 b5 9. Nd5 Be7 10. Bxf6 Bxf6 11. c3 Bg5
12. Nc2 O-O 13. h4 Bh6 14. Nce3 Bxe3 15. Nxe3 Be6 16. Be2 Ne7
17. Bf3 Qb6 18. a3 Rfd8 19. O-O Rac8 20. Qd3 Bb3 21. Rfe1 Qc5
22. h5 h6 23. Bd1 Bc4 24. Qc2 Be6 25. Bg4 Bxg4 26. Nxg4 d5
27. exd5 Rxd5 28. Qe2 f6 29. Rad1 Rcd8 30. Ne3 R5d6 31. Qc2
Kf8 32. Rxd6 Rxd6 33. Rd1 Rxd1+ 34. Qxd1 f5 35. Qd7 e4 36. g3
f4 37. gxf4 Qxh5 38. f5 Qg5+ 39. Kf1 Qh5 40. Kg1 Qg5+ 41. Kf1
Qh5 42. Qe6 Qh1+ 43. Ke2 Qb1 44. f6 Qxb2+ 45. Kf1 gxf6
46. Qxf6+ Ke8 47. Qxa6 Qxc3 48. Qxb5+ Qc6 49. Qxc6+ Nxc6
50. Nd5 Kd7 51. Nf6+ Ke6 52. Nxe4 Kd5 53. Nd2 Kd4 54. Ke2 h5
55. f4 h4 56. Kf3 Kd3 57. Nf1 Nd4+ 58. Kg4 Kc3 59. Nh2 Nc2
60. Kxh4 Nxa3 61. f5 Nc4 62. f6 Nd6 63. Kh5 Kd4 64. Kg6 Ke5
65. Nf3+ Ke6 66. Nd4+ Ke5 67. Nc6+ Ke6 68. Nd4+ Ke5 69. Nb5
Nxb5 70. f7 1-0

[Event "Hastings Chess Congress"]
[Site "Hastings ENG"]
[Date "2006.01.03"]
[EventDate "2005.12.28"]
[Round "7"]
[Result "1-0"]
[White "Merab Gagunashvili"]
[Black "Erik Zude"]
[WhiteElo "2542"]
[BlackElo "2426"]
[PlyCount "53"]

1. d4 d5 2. Nf3 e6 3. c4 c5 4. cxd5 exd5 5. Nc3 Nc6 6. Bf4 Nf6
7. e3 cxd4 8. Nxd4 Bd6 9. Bxd6 Qxd6 10. Be2 O-O 11. O-O Re8
12. Rc1 Bd7 13. Bf3 Rad8 14. Nxc6 bxc6 15. Na4 Rb8 16. b3 Rb4
17. Qc2 Ne4 18. a3 Rbb8 19. Bxe4 Rxe4 20. Qc5 Qc7 21. Nc3 Rh4
22. g3 Rh6 23. Nxd5 Qd6 24. Nb4 Qe6 25. Qxa7 Rf8 26. Rfd1 Be8
27. Rd2 1-0

[Event "Hastings Chess Congress"]
[Site "Hastings ENG"]
[Date "2006.01.03"]
[EventDate "2005.12.28"]
[Round "7"]
[Result "1-0"]
[White "Richard G Pert"]
[Black "Andrew Greet"]
[WhiteElo "2429"]
[BlackElo "2428"]
[PlyCount "69"]

1. d4 d5 2. c4 dxc4 3. Nf3 Nf6 4. e3 e6 5. Bxc4 c5 6. O-O a6
7. Bb3 b5 8. a4 b4 9. e4 cxd4 10. Nbd2 Bb7 11. e5 Nfd7 12. Nc4
Nc5 13. Bg5 Qc7 14. Rc1 d3 15. Ba2 Nbd7 16. Re1 h6 17. Bh4 Rc8
18. Nd4 Bd5 19. Nf5 Bxc4 20. Bxc4 g6 21. Ne3 Bg7 22. Bxd3 g5
23. Bg3 O-O 24. Bxa6 Rcd8 25. Qe2 Bxe5 26. Bb5 Bxg3 27. hxg3
Qe5 28. Qh5 Qg7 29. Ng4 Kh7 30. Rc4 Nd3 31. Rf1 b3 32. Rc3
N7c5 33. Bxd3+ Nxd3 34. Rxb3 f5 35. Nxh6 1-0

[Event "Hastings Chess Congress"]
[Site "Hastings ENG"]
[Date "2006.01.03"]
[EventDate "2005.12.28"]
[Round "7"]
[Result "0-1"]
[White "Petr Marusenko"]
[Black "Yuri Kuzubov"]
[WhiteElo "2342"]
[BlackElo "2541"]
[PlyCount "53"]

1. e4 c5 2. Nf3 Nc6 3. Bb5 e6 4. Bxc6 bxc6 5. d3 Ne7 6. O-O
Ng6 7. b3 e5 8. Nbd2 Be7 9. Nc4 f6 10. Ne3 O-O 11. Nf5 d5
12. Nxe7+ Qxe7 13. Re1 Rd8 14. Ba3 Nf4 15. Nd2 Ne6 16. Nf1 Qc7
17. Ng3 Qa5 18. Bc1 c4 19. Nf5 Kh8 20. bxc4 dxc4 21. Bd2 Qa3
22. dxc4 Ba6 23. Re3 Qa4 24. c5 Rd7 25. Qe1 Qxc2 26. Bb4 Nf4
27. Rf3 0-1

[Event "Hastings Chess Congress"]
[Site "Hastings ENG"]
[Date "2006.01.03"]
[EventDate "2005.12.28"]
[Round "7"]
[Result "0-1"]
[White "Helgi Dam Ziska"]
[Black "Stefan Kristjansson"]
[WhiteElo "2251"]
[BlackElo "2467"]
[PlyCount "66"]

1. e4 c5 2. Nf3 d6 3. d4 cxd4 4. Nxd4 Nf6 5. Nc3 g6 6. Be3 Bg7
7. f3 a6 8. Qd2 Nbd7 9. Bh6 Bxh6 10. Qxh6 b5 11. O-O-O Bb7
12. g4 Rc8 13. Qe3 b4 14. Nce2 e5 15. g5 Nh5 16. Nb3 Qc7
17. c3 a5 18. Kb1 a4 19. Nd2 a3 20. b3 bxc3 21. Nc4 c2+
22. Kxc2 d5 23. exd5 O-O 24. Nc3 Nf4 25. Kb1 Nb6 26. Nxb6 Qxc3
27. Qxc3 Rxc3 28. Nd7 Rd8 29. Nf6+ Kg7 30. Bc4 Rxf3 31. h4 Bc8
32. Rhe1 Bf5+ 33. Kc1 Rc3+ 0-1

[Event "Hastings Chess Congress"]
[Site "Hastings ENG"]
[Date "2006.01.03"]
[EventDate "2005.12.28"]
[Round "7"]
[Result "0-1"]
[White "Li Wu"]
[Black "Simon Kim Williams"]
[WhiteElo "2287"]
[BlackElo "2452"]
[PlyCount "92"]

1. d4 e6 2. c4 f5 3. Nc3 Nf6 4. f3 Bb4 5. e3 O-O 6. Bd2 b6
7. a3 Bxc3 8. Bxc3 Bb7 9. Qd2 a5 10. b3 Qe7 11. Bd3 d6 12. Ne2
Nh5 13. Ng3 Qh4 14. Qf2 Nd7 15. Nxh5 Qxh5 16. O-O-O e5 17. Qg3
Qh6 18. dxe5 Nxe5 19. Rhe1 Rae8 20. Kc2 Bc6 21. Bf1 Re7
22. Rd4 Qe6 23. h4 Kh8 24. h5 Be8 25. Qh4 h6 26. Rf4 a4 27. e4
axb3+ 28. Kb2 Ref7 29. Kxb3 Nxc4 30. exf5 Na5+ 31. Kc2 Qb3+
32. Kd2 Qd5+ 33. Kc1 Qa2 34. Bb2 Bd7 35. Qg3 Bxf5 36. Ree4
Nb3+ 37. Kc2 Nd4+ 38. Kc1 c5 39. Bd3 Qb3 40. Bb1 d5 41. Rxd4
cxd4 42. Bxf5 Rxf5 43. Rxf5 Rc8+ 44. Kb1 Qc2+ 45. Ka2 Qxf5
46. Bxd4 Rc2+ 0-1

[Event "Hastings Chess Congress"]
[Site "Hastings ENG"]
[Date "2006.01.03"]
[EventDate "2005.12.28"]
[Round "7"]
[Result "1-0"]
[White "Stephen Gordon"]
[Black "Jovanka Houska"]
[WhiteElo "2411"]
[BlackElo "2351"]
[PlyCount "58"]

1. d4 d5 2. Nf3 Nf6 3. c4 c6 4. Nc3 e6 5. Bg5 h6 6. Bxf6 Qxf6
7. Qc2 Nd7 8. e4 dxc4 9. e5 Qd8 10. Bxc4 Be7 11. O-O O-O
12. Qe4 Re8 13. Rad1 Rb8 14. Rfe1 b5 15. Bd3 Nf8 16. Qg4 Qb6
17. Ne4 Kh8 18. Qf4 Bb7 19. Qxf7 Qd8 20. Qh5 c5 21. dxc5 Bxe4
22. Bxe4 Qa5 23. Qf7 Qb4 24. Bc6 Rec8 25. Bd7 Nxd7 26. Rxd7
Bf8 27. Red1 Rxc5 28. g3 Qe4 29. Rd8 Rxd8 1-0

[Event "Hastings Chess Congress"]
[Site "Hastings ENG"]
[Date "2006.01.03"]
[EventDate "2005.12.28"]
[Round "7"]
[Result "1/2-1/2"]
[White "Nicholas Tavoularis"]
[Black "Alexander Khantuev"]
[WhiteElo "2211"]
[BlackElo "2302"]
[PlyCount "102"]

1. c4 Nf6 2. g3 e6 3. Bg2 d5 4. b3 c5 5. Nf3 Nc6 6. cxd5 exd5
7. O-O Be7 8. d4 O-O 9. Bb2 Re8 10. Nc3 Ne4 11. dxc5 Bf6
12. Nxe4 dxe4 13. Qxd8 Nxd8 14. Nd4 Nc6 15. e3 Nb4 16. Rfd1
Bg4 17. Rd2 Rad8 18. Bf1 Rd5 19. Bb5 Red8 20. Bc3 Rxc5
21. Bxb4 Rxb5 22. Nxb5 Rxd2 23. Bxd2 Bxa1 24. Nd6 b6 25. Nxe4
Bf5 26. f3 a5 27. Kf1 h5 28. Ke2 Be5 29. Kd3 h4 30. gxh4 Bxh2
31. Be1 Bc7 32. Kd4 Kf8 33. Kd5 Ke7 34. Nc3 Kd7 35. Kd4 Kc6
36. e4 Be6 37. Nd5 Bd6 38. b4 Kb5 39. a3 axb4 40. Bxb4 Bg3
41. h5 f6 42. Bf8 Bf7 43. Bxg7 Bxh5 44. Ke3 Bd6 45. a4+ Kxa4
46. Nxb6+ Kb5 47. Nd7 f5 48. exf5 Kc6 49. Nf6 Bf7 50. Ke4 Ba3
51. Kf4 Bb2 1/2-1/2

[Event "Hastings Chess Congress"]
[Site "Hastings ENG"]
[Date "2006.01.03"]
[EventDate "2005.12.28"]
[Round "7"]
[Result "1/2-1/2"]
[White "Wolfram Schoen"]
[Black "Alan Grant Kerr"]
[WhiteElo "2415"]
[BlackElo "2152"]
[PlyCount "106"]

1. e4 c5 2. Nf3 d6 3. g3 g6 4. Bg2 Bg7 5. O-O Nc6 6. c3 e5
7. Re1 Nge7 8. d3 O-O 9. Nbd2 h6 10. Nf1 Be6 11. h3 Qd7
12. Kh2 f5 13. exf5 gxf5 14. Qe2 Rf6 15. Bd2 Raf8 16. c4 Ng6
17. Bc3 Re8 18. Ne3 Nd4 19. Bxd4 cxd4 20. Nc2 Rff8 21. Nd2 d5
22. c5 f4 23. Qh5 Rf5 24. Qe2 Rff8 25. Bf3 Bf5 26. Nb4 Ne7
27. gxf4 a5 28. Nc2 Ng6 29. Bh5 Qc7 30. Qf3 Nxf4 31. Bxe8 Rxe8
32. Nxd4 e4 33. Qg3 Bg6 34. Nb5 Qxc5 35. d4 Qxb5 36. Qxf4 Bxd4
37. Qg4 Kh7 38. Rac1 Be5+ 39. Kh1 Qxb2 40. Rg1 Rg8 41. Rc8 Rg7
42. Qe6 Qxd2 43. Qxe5 Qxf2 44. Rc7 Rxc7 45. Qxc7+ Qf7 46. Qe5
e3 47. Qxe3 Be4+ 48. Kh2 Qc7+ 49. Rg3 Qc2+ 50. Kg1 Qb1+
51. Kf2 Qxa2+ 52. Ke1 Qb1+ 53. Kd2 Qc2+ 1/2-1/2

[Event "Hastings Chess Congress"]
[Site "Hastings ENG"]
[Date "2006.01.03"]
[EventDate "2005.12.28"]
[Round "7"]
[Result "0-1"]
[White "Jessie Gilbert"]
[Black "Watu Kobese"]
[WhiteElo "2148"]
[BlackElo "2400"]
[PlyCount "72"]

1. d4 Nf6 2. c4 e6 3. Nf3 Bb4+ 4. Bd2 Qe7 5. g3 Nc6 6. Nc3 O-O
7. Bg2 d6 8. O-O a5 9. d5 Nb8 10. b3 e5 11. a3 Bc5 12. Bg5 h6
13. Bxf6 Qxf6 14. Ne4 Qe7 15. Nxc5 dxc5 16. e3 Nd7 17. Qc2 a4
18. bxa4 e4 19. Nd2 f5 20. Rae1 Ne5 21. f3 exf3 22. Nxf3 Bd7
23. Qc3 Nxf3+ 24. Bxf3 Rxa4 25. e4 b5 26. exf5 Qd6 27. cxb5
Rxf5 28. Qb3 Rd4 29. a4 c4 30. Qc2 Qc5 31. Kh1 c3 32. Rc1 Rxf3
33. Rxf3 Qxd5 34. Qxc3 Bg4 35. Rcf1 Rd1 36. Kg1 Bxf3 0-1

[Event "Hastings Chess Congress"]
[Site "Hastings ENG"]
[Date "2006.01.03"]
[EventDate "2005.12.28"]
[Round "7"]
[Result "0-1"]
[White "Andrew Tucker"]
[Black "Gurpreet Pal Singh"]
[WhiteElo "1940"]
[BlackElo "2286"]
[PlyCount "118"]

1. e4 e6 2. d3 d5 3. Nd2 c5 4. Ngf3 Nc6 5. c3 Bd6 6. g3 Nge7
7. Bg2 O-O 8. O-O Qc7 9. Qc2 Bd7 10. Re1 f6 11. Nb3 Be8
12. Be3 b6 13. Rad1 Bg6 14. h3 Rfd8 15. Nh4 Bf7 16. f4 e5
17. Rf1 d4 18. Bc1 dxc3 19. bxc3 c4 20. dxc4 Bxc4 21. Rf3 Rac8
22. Bf1 Bf7 23. Qf2 exf4 24. gxf4 Bh5 25. Ba6 Bxf3 26. Qxf3
Rb8 27. Kh1 b5 28. Be3 Kh8 29. Rg1 Rb6 30. Bxb6 Qxb6 31. Qg4
Rg8 32. Bc8 Bxf4 33. Bf5 Bh6 34. Nd4 Nxd4 35. cxd4 Qxd4
36. Be6 Rd8 37. Nf5 Nxf5 38. exf5 Qc3 39. Qg3 Qc6+ 40. Qg2 Qc7
41. Rf1 Bf4 42. Qf3 Be5 43. Rd1 g5 44. Rxd8+ Qxd8 45. Qd5
Qxd5+ 46. Bxd5 Kg7 47. Kg2 Kf8 48. Kf3 Ke7 49. Ke4 Kd6 50. Bf7
Kc5 51. Kd3 Kb4 52. Kc2 a6 53. Bh5 Kc4 54. Bf3 Kd4 55. Kd2
Bf4+ 56. Ke2 Kc3 57. Bd5 a5 58. Bc6 b4 59. Ba4 h5 0-1

[Event "Hastings Chess Congress"]
[Site "Hastings ENG"]
[Date "2006.01.03"]
[EventDate "2005.12.28"]
[Round "7"]
[Result "0-1"]
[White "Donny Muter"]
[Black "Gunnar Johnsen"]
[WhiteElo "2085"]
[BlackElo "2231"]
[PlyCount "30"]

1. d4 f5 2. Bg5 g6 3. Nd2 Bg7 4. e3 d6 5. f4 Nf6 6. Ngf3 Nc6
7. Bc4 e6 8. Qe2 h6 9. Bh4 Qe7 10. O-O-O Bd7 11. e4 fxe4
12. Nxe4 O-O-O 13. Nf2 Rde8 14. Rhe1 Qf7 15. g4 Nd5 0-1

[Event "Hastings Chess Congress"]
[Site "Hastings ENG"]
[Date "2006.01.03"]
[EventDate "2005.12.28"]
[Round "7"]
[Result "1/2-1/2"]
[White "Richard Almond"]
[Black "Bernard Cafferty"]
[WhiteElo "2096"]
[BlackElo "2207"]
[PlyCount "42"]

1. d4 Nf6 2. c4 e6 3. Nc3 Bb4 4. Qc2 c5 5. dxc5 Qc7 6. Bd2
Bxc5 7. Nf3 a6 8. e3 Be7 9. Bd3 d6 10. O-O Nbd7 11. b4 O-O
12. a3 b6 13. Rac1 Bb7 14. e4 Rac8 15. Bf4 Nh5 16. Be3 g6
17. Rfd1 Qb8 18. Qe2 Qa8 19. Nd4 Rfe8 20. f3 Bf8 21. Qf2 Qb8
1/2-1/2

[Event "Hastings Chess Congress"]
[Site "Hastings ENG"]
[Date "2006.01.03"]
[EventDate "2005.12.28"]
[Round "7"]
[Result "1/2-1/2"]
[White "Odin Blikra Vea"]
[Black "Matthew N Anderton"]
[WhiteElo "2090"]
[BlackElo "2205"]
[PlyCount "129"]

1. e4 e6 2. d4 d5 3. Nd2 Nf6 4. e5 Nfd7 5. Bd3 c5 6. c3 Nc6
7. Ne2 cxd4 8. cxd4 f6 9. exf6 Nxf6 10. Nf3 Bd6 11. Bf4 Bxf4
12. Nxf4 O-O 13. O-O Ne4 14. Nh5 g6 15. Ng3 Ng5 16. Ne5 Nxe5
17. dxe5 Nf7 18. f4 Nh6 19. Qc2 Qh4 20. Rf3 Bd7 21. Raf1 Rac8
22. Qb1 Kg7 23. Ne2 Rf7 24. Nd4 Rcf8 25. Qc1 Qe7 26. Rh3 Qb4
27. Ne2 Bb5 28. Bxb5 Qxb5 29. Qd2 Rc8 30. Nd4 Qb6 31. Rb3 Qa6
32. Qd3 Rc4 33. g3 Nf5 34. Nb5 Qb6+ 35. Kh1 Nd4 36. Nxd4 Qxd4
37. Qxd4 Rxd4 38. Rc1 Rd2 39. Kg1 d4 40. h4 h6 41. Kf1 g5
42. Ke1 Rg2 43. hxg5 hxg5 44. Rd1 gxf4 45. Rxd4 f3 46. Rf4 Rc7
47. Rc3 Rxc3 48. bxc3 Rxa2 49. Rxf3 Ra5 50. Re3 Kg6 51. g4 Rc5
52. Kd2 Kg5 53. Re4 b5 54. Kc2 a5 55. Kb3 Kh4 56. Kb2 Kg5
57. Kb3 Kh4 58. Kb2 b4 59. cxb4 Rb5 60. Kc3 Rxb4 61. Rxb4
axb4+ 62. Kxb4 Kxg4 63. Kc5 Kg5 64. Kd4 Kf5 65. Kd3 1/2-1/2

[Event "Hastings Chess Congress"]
[Site "Hastings ENG"]
[Date "2006.01.03"]
[EventDate "2005.12.28"]
[Round "7"]
[Result "1-0"]
[White "Michael F G Duggan"]
[Black "Martin P Burrows"]
[WhiteElo "2082"]
[BlackElo "2200"]
[PlyCount "83"]

1. e4 c5 2. Nf3 d6 3. d4 cxd4 4. Nxd4 Nf6 5. Nc3 a6 6. Be2 e5
7. Nb3 Be7 8. Bg5 Nbd7 9. a4 O-O 10. O-O h6 11. Bh4 Qc7
12. Qd3 b6 13. Rac1 Bb7 14. Rfd1 Rfd8 15. Qe3 Nf8 16. Bg3 Ng6
17. f4 exf4 18. Bxf4 Nd7 19. Rf1 Nde5 20. Rcd1 Nxf4 21. Qxf4
Bf6 22. Qg3 Qe7 23. Nd4 Ng6 24. Nf5 Qe5 25. Nxd6 Rxd6 26. Rxd6
Qc5+ 27. Kh1 Be5 28. Qf3 Qxd6 29. Qxf7+ Kh7 30. Qxb7 Rf8
31. Qd5 Rxf1+ 32. Bxf1 Qf6 33. Qd3 Nh4 34. g3 Nf3 35. Nd5 Qf8
36. c3 a5 37. Nf4 Ng5 38. h4 Nf7 39. Bh3 Qe7 40. Bf5+ Kg8
41. Ng6 Qc7 42. Qd7 1-0